logo

Bir Sreshtho Munshi Abdur Rouf Library
Jhenaidah Cadet College

নবিজি: (Record no. 13834)

MARC details
000 -LEADER
fixed length control field 01172nam a2200265 a 4500
001 - CONTROL NUMBER
JCCL Control Number 13834
003 - CONTROL NUMBER IDENTIFIER
JCCL marc code BD-JhCC
005 - DATE AND TIME OF LATEST TRANSACTION
control field 20240421114600.0
008 - FIXED-LENGTH DATA ELEMENTS--GENERAL INFORMATION
fixed length control field 210923b2020 bg |||| ||a| 000 0 Ben d
020 ## - INTERNATIONAL STANDARD BOOK NUMBER
International Standard Book Number 9789843473509
035 ## - SYSTEM CONTROL NUMBER
system control number (BD-JhCC)13834
040 ## - CATALOGING SOURCE
Original cataloging agency BD-JhCC
Modifying agency BD-JhCC
041 ## - LANGUAGE CODE
Language code of Book Bengali
082 ## - DEWEY DECIMAL CLASSIFICATION NUMBER
Classification number 297.6372
Author mark and Year SAR 2020
100 ## - MAIN ENTRY--PERSONAL NAME
Personal name সারজানি, ড. রাগিব
245 ## - TITLE STATEMENT
Title নবিজি:
Remainder of title যাঁর আদর্শে বিমোহিত পৃথিবী /
Statement of responsibility, etc ড. রাগিব সারজানি, অনু:মাওলানা মোহাম্মাদ আব্দুন নূর সিরাজী , মুহাম্মদ রোকন উদ্দিন।
260 ## - PUBLICATION, DISTRIBUTION, ETC. (IMPRINT)
Place of publication, distribution, etc ঢাকা:
Name of publisher, distributor, etc মুহাম্মদ পাবলিকেশন্স;
Date of publication, distribution, etc ২০২০.
300 ## - PHYSICAL DESCRIPTION
Pagination 608 p. :
Dimensions 22 cm.
600 ## - SUBJECT ADDED ENTRY--PERSONAL NAME
Personal name Muhammad,Prophet
650 ## - SUBJECT ADDED ENTRY--TOPICAL TERM
Topical term or geographic name as entry element War --Religious Aspects--Islam
700 ## - ADDED ENTRY--PERSONAL NAME
Personal name সিরাজী , মাওলানা মোহাম্মাদ আব্দুন নূর
700 ## - ADDED ENTRY--PERSONAL NAME
Personal name উদ্দিন,মুহাম্মদ রোকন
942 ## - ADDED ENTRY ELEMENTS (KOHA)
Source of classification or shelving scheme Dewey Decimal Classification
Koha item type Books
Koha issues (borrowed), all copies 7
Holdings
Source of classification or shelving scheme Damaged status Not for loan Home library Current library Shelving location Date of accession Source of acquisition Cost, normal purchase price Total Checkouts Full call number Barcode Date last seen Copy number Method of acquisition Koha item type Currency
Dewey Decimal Classification     JCC Rouf Library JCC Rouf Library General Stacks   With The Compliments Of 7th Intake 720.00   297.6372 SAR 2020 19217 04/21/2024 C-1 Gift/Donation Books BDT
Dewey Decimal Classification     JCC Rouf Library JCC Rouf Library General Stacks   With The Compliments Of 7th Intake 720.00   297.6372 SAR 2020 19230 04/21/2024 C-2 Gift/Donation Books BDT

JCC Library | Contacts | JCC Home

Last Update on 23 September 2017
Copyright @ 2017-2020 JCC Rouf Library
Rouf Library, Jhenidah Cadet College (JCC), Bangladesh